Normal view
MARC view
Entry Topical Term
001 - CONTROL NUMBER
- control field: 772401
003 - CONTROL NUMBER IDENTIFIER
- control field:
005 - DATE AND TIME OF LATEST TRANSACTION
- control field: 20210627053435.0
008 - FIXED-LENGTH DATA ELEMENTS
- fixed length control field: 210627|| aca||aabn | a|a d
040 ## - CATALOGING SOURCE
- Original cataloging agency:
- Transcribing agency:
150 ## - HEADING--TOPICAL TERM
- Topical term or geographic name entry element: Vendors and purchasers
- Geographic subdivision: United States
670 ## - SOURCE DATA FOUND
- Source citation: Work cat.: ()653230: United States. Congress. Senate. Committee on Banking, Housing, and Urban Affairs. Subcommittee on Housing and Urban Affairs 716361, Emergency home purchase assistance authority amendments :, 1980
